|
|
|
|
| LEADER |
00000nab a2200000 ar4500 |
| 001 |
vtls009143957 |
| 003 |
SK-MaSNL |
| 005 |
20260304031726.0 |
| 008 |
070926|2006 xo u|me|||||||00 ||slo |
| 015 |
|
|
|a SNBRA2007/09
|
| 038 |
|
|
|a SNKBUCL
|
| 040 |
|
|
|a SNKBUCL
|b slo
|c SNKBUCL
|e AACR2
|
| 041 |
0 |
|
|a slo
|b eng
|
| 044 |
|
|
|a xo
|c SK
|
| 080 |
|
|
|a 37.02
|2 2001
|
| 080 |
|
|
|a 372.882
|2 2001
|
| 080 |
|
|
|a 811.162.4
|2 2001
|
| 100 |
1 |
|
|a Lapitka, Marián
|4 aut
|9 5993
|
| 245 |
1 |
0 |
|a K didaktike literárnej výchovy na základnej a strednej škole
|c Marián Lapitka
|
| 504 |
|
|
|a Bibliogr. odkazy
|
| 546 |
|
|
|a Res. angl.
|
| 650 |
0 |
7 |
|a slovenčina
|2 snkbucl
|9 1350
|
| 650 |
0 |
7 |
|a vyučovanie slovenčiny
|2 snkbucl
|9 828056
|
| 650 |
0 |
7 |
|a didaktika
|2 snkbucl
|9 3484
|
| 650 |
0 |
7 |
|a literárna výchova
|2 snkbucl
|9 1653
|
| 650 |
0 |
7 |
|a základné školy
|2 snkbucl
|9 1280
|
| 650 |
0 |
7 |
|a stredné školy
|2 snkbucl
|9 1279
|
| 773 |
0 |
|
|t Pedagogica 18
|d Bratislava : Univerzita Komenského, 2006
|g S. 114-126
|z 8022321893
|
| 852 |
|
|
|a SNK
|b KIS3GCP
|
| 958 |
|
|
|a SK
|
| 958 |
|
|
|a NB
|
| 999 |
|
|
|c 2639593
|d 2641523
|